000 00758nam a2200289Ia 4500
005 20260324135206.0
008 008 260324s9999 xx 000 0 eng d
020 _a9780429472923
037 _aEBOOK
040 _aCRL
040 _beng
040 _cCRL
041 _2eng
041 _aeng
084 _qCRL
100 _aAnne-Marie Sandler; Rosemary Davies; Joseph Sandler
_91199672
245 0 _aClinical and Observational Psychoanalytic Research
245 0 _bRoots of a Controversy - Andre Green & Daniel Stern
260 _bTaylor and Francis
260 _c2000
365 _a
365 _b195
856 _uhttp://www.taylorfrancis.com/books/9780429472923
942 _cEBOOK
999 _c1800502
_d1800502